| 000 | 00375nam a22001457a 4500 | ||
|---|---|---|---|
| 005 | 20231212152115.0 | ||
| 008 | 190125b ||||| |||| 00| 0 eng d | ||
| 040 | _cDLC | ||
| 082 |
_a891.4393 _bHIJ |
||
| 100 |
_aNaseem Hijazi _91033 |
||
| 245 |
_aYousaf Bin Tashfeen / _cNaseem Hijazi |
||
| 260 |
_aLahore : _bJahangir Books, _c[N.D] |
||
| 300 | _a480p. : | ||
| 942 |
_2ddc _cBK |
||
| 999 |
_c522872 _d522872 |
||